On This Day (November 29th) Multiple Choice - Statistics

General Stats
  • This quiz has been taken 8 times
  • The average score is 6 of 15
Answer Stats
Question Answer % Correct
1963 – U.S. President Lyndon B. Johnson establishes the Warren Commission to investigate what ? Assassination of John F. Kennedy.
83%
1927 – Theodor Geisel marries first wife fellow author and editor Helen Palmer. Theodor is better known by what pen-name ? Dr Seuss
67%
1902 – Which team defeated the Philadelphia Athletics, 11–0 to win the first championship associated with an American national professional football league ? Pittsburgh Stars
67%
1972 – Which company releases Pong, the first commercially successful video game ? Atari
50%
1899 – Which team that later develops into one of Spanish football's most iconic and strongest teams is founded ? FC Barcelona
50%
1612 – The Battle of Swally takes place, which loosens the Portuguese Empire's hold on what is now which country ? India
50%
1832 – Louisa May Alcott, American novelist and poet is born. She is best known for writing which novel ? Little Women
50%
1929 – U.S. Admiral Richard E. Byrd leads the first expedition to fly over where ? South Pole
50%
1963 – Which song, recorded on October 17, 1963, is released by the Beatles in the United Kingdom ? "I Want to Hold Your Hand"
33%
1987 – Agents from which country plant a bomb on Korean Air Flight 858, which kills all 115 passengers and crew ? North Korea
33%
Today is celebrated in the USA by what safety message ? Throw Out Your Leftovers Day
33%
1939 – Meco, American record producer and musician is also born. He is best known for his disco version of which film's theme music ? Star Wars
17%
1783 – A 5.3 magnitude earthquake strikes which US state ? New Jersey
0%
1776 – American Revolutionary War: The Battle of Fort Cumberland comes to an end with the arrival of British reinforcements in what is now which Canadian province ? Nova Scotia
0%
1961 – Project Mercury: Enos, a chimpanzee, is launched into space. The spacecraft orbits the Earth twice and splashes down off the coast of which island ? Puerto Rico
0%
No matching quizzes found
Score Distribution
Percent of People with Each Score
Percentile by Number Answered
Your Score History
You have not taken this quiz